| 000 | 00000nam 2200000zi 4500 |
| 001 | 9.935950 |
| 003 | CaOODSP |
| 005 | 20240325140610 |
| 006 | m o d f |
| 007 | cr mn||||||||| |
| 008 | 240325t20242024onc ob f000 0 fre d |
| 040 | |aCaOODSP|bfre|erda|cCaOODSP |
| 043 | |an-cn--- |
| 086 | 1 |aP29-003-003-2024F-PDF |
| 245 | 00|aKérosène. |
| 264 | 1|aOttawa (Ontario) : |bOffice des normes générales du Canada = Canadian General Standards Board : |bConseil canadien des normes = Standards Council of Canada, |c2024. |
| 264 | 4|c©2024 |
| 300 | |a1 ressource en ligne (11 pages). |
| 336 | |atexte|btxt|2rdacontent/fre |
| 337 | |ainformatique|bc|2rdamedia/fre |
| 338 | |aressource en ligne|bcr|2rdacarrier/fre |
| 490 | 1 |aNorme nationale du Canada ; |vCAN/CGSB-3.3-2024 |
| 500 | |a« mars 2024. » |
| 500 | |a« Expérience et excellence » -- Couverture. |
| 500 | |aRemplace CAN/CGSB-3.3-2019. |
| 500 | |aPublié aussi en anglais sous le titre : Kerosene. |
| 504 | |aComprend des références bibliographiques (pages 8-9). |
| 520 | |a« La présente Norme nationale du Canada s’applique à deux types de distillats de pétrole destinés aux applications décrites ci-dessous: Le kérosène de type n° 1-K est destiné aux radiateurs sans ventilation décrits dans la norme CSA B140.9.3, lorsqu’ils sont employés dans un milieu bien aéré. Il est également destiné aux lampes à mèche. Le kérosène de type n° 2-K est destiné aux cuisinières reliées à un conduit de fumée et aux radiateurs et ne devrait pas être utilisé pour des applications sans ventilation » -- Objet, page 1. |
| 650 | 6|aKérosène|xNormes|zCanada. |
| 710 | 2 |aOffice des normes générales du Canada, |eorganisme de publication. |
| 710 | 2 |aConseil canadien des normes, |eorganisme de publication. |
| 775 | 08|tKerosene.|w(CaOODSP)9.935947 |
| 795 | |tKérosène.|bmars 2019|w(CaOODSP)9.869484 |
| 830 | #0|aNorme nationale du Canada ;|vno 3.3-2024.|w(CaOODSP)9.504227 |
| 856 | 40|qPDF|s687 Ko|uhttps://publications.gc.ca/collections/collection_2024/ongc-cgsb/P29-003-003-2024-fra.pdf |
| 986 | |aICS 75.160.20 |